000 01491nam a2200349 i 4500
003 EG-GICUC
005 20260121101538.0
008 251224s2003 ua ||||fr|||| 00| 0 ara d
017 _a200388441
020 _a97703111693
040 _a EG-GICUC
_bara
_c EG-GICUC
_d EG-GICUC
_erda
041 0 _aara
082 0 4 _221
_a345.46
_bم ح . ق
092 0 4 _221
099 _aLaw1 07 345.46 م ح . ق 2 ed - 2003
100 0 _aمحمد فؤاد عبدالباسط
_eمؤلف.
245 1 0 _aقياس كفاية الأداء للعاملين المدنيين بالدولة :
_bقواعد القياس واثاره الوظيفية - الرقابة القضائية /
_cمحمد فؤاد عبدالباسط.
250 _aالطبعة الثانية
_bمنقحة ومضاف اليها
264 4 _aالاسكندرية :
_bمنشأة المعارف،
_c2003
300 _a824 صفحة ;
_c24 سم.
336 _2rda content
_atext
337 _2rda media
_aComputer
338 _2rda carrier
_aOnline Resource
504 _aيشتمل على إرجاعات ببليوجرافية.
546 _aالنص أغلبه باللغة العربية مع بعض النصوص الفرنسية
650 1 4 _aتقارير الكفاية
_xالقانون الاداري
_2qrmak
650 1 4 _aقياس كفاية الأداء للعاملين المدنيين
651 1 _2qrmak
856 4 0 _uhttps://fll.law.cu.edu.eg/fulltext/bks/B07-01828.pdf
905 _a75
942 _2ddc
_cBK
_e21
_n0
999 _c52502
_d52502